000 00879nam a2200205Ii 4500
003 JO-AjNU
008 230605s9999||||xx |||||||||||||| ||und||
020 _a9960-24-493-9
040 _aJO-AjNU
_bara
_erda
_cJO-AjNU
041 _aara
050 1 4 _aHF5657.4.G3712 2008
100 3 _aتأليف: جاريسون،ري اتش / م.مشارك: اريك نورين ؛ تجمة: محمد عصام الدين زايد ؛ مراجعة: احمد حامد حجاج,
_eauthor
_930850
245 0 0 _a Managerial accounting = المحاسبة الإدارية
264 3 1 _aالرياض : دار المريخ للنشر والتوزيع، 2008
300 _a1027ص
_bيحتوي على ملاحق من ص 991-1027 ص
336 _atext
_btxt
_2rdacontent
337 _aunmediated
_bn
_2rdamedia
338 _avolume
_bnc
_2rdacarrier
650 4 _aالمحاسبة الادارية
_930851
999 _aA12276
_c15844
_d15844